| 000 | 02340nam0a2200373 4500 | ||
|---|---|---|---|
| 001 | RU\NLR\BIBL_A\010940853 | ||
| 005 | 20250624202834.0 | ||
| 010 |
_a978-5-93572-617-1 _91000 |
||
| 035 | _a(NLR Aleph) 010940853 | ||
| 090 |
_a10752406 _c10752406 |
||
| 100 | _a20151218d2015 |||y0rusy50 ca | ||
| 101 | 0 |
_arus _deng |
|
| 102 | _aRU | ||
| 105 | _aac z 001yy | ||
| 200 | 1 |
_a«Обитель милосердия». Искусство тибетского буддизма _d"Abode of charity". Tibetan buddhist art _eкаталог выставки, [Санкт-Петербург, 9 октября 2015 года - 17 января 2016 года _fавт. вступ. ст. и каталож. описаний: Ю. И. Елихина, к. ист. н., К. Ф. Самосюк, д. иск.] _zeng |
|
| 210 |
_aСанкт-Петербург _cИзд-во Государственного Эрмитажа _d2015 |
||
| 215 |
_a510, [1] с. _cил., цв. ил., портр. _d28 |
||
| 225 | 1 | _aЭрмитаж, 250 | |
| 300 | _aВ надзаг.: Гос. Эрмитаж | ||
| 300 | _aРез. на англ. яз. | ||
| 316 |
_aЭкслибрис: Дар Эрмитажа _5NLR |
||
| 510 | 1 |
_a"Abode of charity". Tibetan buddhist art _zeng |
|
| 517 | 1 | _aИскусство тибетского буддизма | |
| 601 | 0 | 2 |
_aГосударственный Эрмитаж _cСанкт-Петербург, город _jКаталоги _xКоллекция изобразительного искусства _xВыставки _z2015 - 2016 _92263886 _3RU\NLR\AUTH\6601586873 |
| 606 | 1 |
_aИзобразительное искусство буддийское _jКаталоги _xВыставки _yТибет _yСанкт-Петербург, город _z2015 - 2016 _92263889 _3RU\NLR\AUTH\6601586874 |
|
| 686 | 1 | _aЩ101.3(2Р)-2Санкт-Петербург2Эрмитаж л62 | |
| 686 | 1 | _aЩ103(5Кит=Т)л62 | |
| 711 | 1 | 2 |
_a"Обитель милосердия". Искусство тибетского буддизма", выставка _eСанкт-Петербург _f2015-2016 _9495042 _3RU\NLR\AUTH\880414962 |
| 942 | _cBOOK | ||
| 980 | _aNB | ||